|
|
|
|
| LEADER |
00000nas a22000007a 4500 |
| 001 |
ssj0000601371 |
| 003 |
WaSeSS |
| 005 |
20200512172242.0 |
| 006 |
m d |
| 007 |
cr n |
| 008 |
101021c20119999couuu pss | a0eng |
| 010 |
|
|
|a 2010202539
|
| 022 |
|
|
|a 2158-0987
|y 2158-0979
|
| 035 |
|
|
|a (WaSeSS)ssj0000601371
|
| 037 |
|
|
|b Clute Institute, 6901 S Pierce Street, Suite 239, Littleton, CO 80128
|
| 040 |
|
|
|a DLC
|b eng
|c DLC
|d DLC
|d OCLCQ
|d ZAC
|d OCLCF
|d WaSeSS
|
| 042 |
|
|
|a pcc
|a nsdp
|
| 082 |
1 |
0 |
|a 370
|2 14
|
| 130 |
0 |
|
|a Journal of international education research (Online)
|
| 210 |
0 |
|
|a J. int. educ. res.
|b (Online)
|
| 222 |
|
0 |
|a Journal of international education research
|b (Online)
|
| 245 |
1 |
0 |
|a Journal of international education research
|h [electronic resource].
|
| 246 |
1 |
|
|a JIER
|
| 260 |
|
|
|a Littleton, Colo. :
|b Clute Institute
|
| 362 |
1 |
|
|a Began with vol 7, no 1 (2011).
|
| 506 |
|
|
|a License restrictions may limit access.
|
| 588 |
|
|
|a Publisher's Web site has statement that frequency is twice a year, but shows 5 issues in 2011 in archive; and first print issue has statement that frequency is quarterly.
|5 DLC
|
| 588 |
|
|
|a Description based on: Vol 7, no 1 (2011); title from issue contents page (publisher's Web site, viewed Dec. 1, 2011).
|
| 588 |
|
|
|a Latest issue consulted: Vol 7, no 5 (2011).
|
| 655 |
|
0 |
|a Electronic journals.
|
| 710 |
2 |
|
|a Clute Institute for Academic Research.
|
| 776 |
0 |
8 |
|i Also in print:
|t Journal of international education research
|x 2158-0979
|w (DLC) 2010202538
|w (OCoLC)671357635
|
| 785 |
0 |
0 |
|t International college teaching methods & styles journal
|x 2157-880X
|w (DLC) 2010202537
|w (OCoLC)277247577
|
| 856 |
4 |
0 |
|z Full text available from Research Library: 01/01/2011 to present
|u https://search.proquest.com/publication/2026732
|